Philosophy of meaning, knowledge and value in the twentieth century (Record no. 906553)

MARC details
000 -LEADER
fixed length control field 00797nam a2200241Ia 4500
003 - CONTROL NUMBER IDENTIFIER
control field OSt
005 - DATE AND TIME OF LATEST TRANSACTION
control field 20251104103956.0
008 - FIXED-LENGTH DATA ELEMENTS--GENERAL INFORMATION
fixed length control field 220930b |||||||| |||| 00| 0 eng d
020 ## - INTERNATIONAL STANDARD BOOK NUMBER
International Standard Book Number 0415308828
037 ## - SOURCE OF ACQUISITION
Terms of availability Reference Collections
040 ## - CATALOGING SOURCE
Original cataloging agency AL
Transcribing agency AL
Language of cataloging eng
041 ## - LANGUAGE CODE
Source of code eng
Language code of text/sound track or separate title eng
084 ## - COLON CLASSIFICATION NUMBER
Classification number RvN9 N3.10
Item number AL
245 #0 - TITLE STATEMENT
Title Philosophy of meaning, knowledge and value in the twentieth century
260 ## - PUBLICATION, DISTRIBUTION, ETC.
Place of publication, distribution, etc. London, U K:
Name of publisher, distributor, etc. Routledge,
Date of publication, distribution, etc. 1997.
300 ## - PHYSICAL DESCRIPTION
Extent 466p.
Dimensions cm.
365 ## - TRADE PRICE
Price amount 55.00
Currency code PD
490 ## - SERIES STATEMENT
Volume/sequential designation Vol 10
500 ## - GENERAL NOTE
General note Routledge History of Philosophy, 10.
650 ## - SUBJECT ADDED ENTRY--TOPICAL TERM
Topical term or geographic name entry element PHILOSOPHY
9 (RLIN) 850027
942 ## - ADDED ENTRY ELEMENTS (KOHA)
Classification part RvN9, N3.10
Koha item type
Source of classification or shelving scheme Colon Classification (CC)
Suppress in OPAC No
Holdings
Withdrawn status Lost status Source of classification or shelving scheme Damaged status Not for loan Home library Current library Date acquired Source of acquisition Cost, normal purchase price Serial Enumeration / chronology Total Checkouts Full call number Barcode Date last seen Cost, replacement price Price effective from Koha item type
    Colon Classification (CC)     Arts Library Arts Library 2022-10-02 9819, 30/03/2006, Selectbook Service Syndicate 1563.61 Vol 10   RvN9 N3.10(RR) AL1131773 2022-10-02 1563.61 2022-10-02  
Copyright @ Delhi University Library System